| 000 | 00499nam a2200193Ia 4500 | ||
|---|---|---|---|
| 003 | OSt | ||
| 005 | 20250512090826.0 | ||
| 008 | 210210b1977 xxu||||| |||| 00| 0 eng d | ||
| 040 | _cAL | ||
| 041 | _aKannada | ||
| 082 | _aK894.3 PUSM | ||
| 100 |
_aPUSHPA N Rao _dಪುಷ್ಪ ಎನ್ ರಾವ್ _9209898 |
||
| 245 | _aMarali jivana. | ||
| 260 |
_aBengaluru _bRajalakshmi Prakashana _c1977 |
||
| 300 | _avii,200 | ||
| 690 |
_aKannada Fiction _9209899 |
||
| 906 | _a032995 | ||
| 942 |
_2ddc _cBK |
||
| 999 |
_c84223 _d84223 |
||